000 00507nam a22001937a 4500
003 CEu
005 20140310182822.0
008 130304t xxu||||| |||| 00| 0 eng d
020 _a9789715847582
050 _aRT 55
_b.D557 2009
100 _aDiDona, Nancy
245 _aNCLEX review :
_bstrategies and skills /
_cDiDona, Nancy
260 _aSudburry, Mass :
_bJones and Bartlett Pub.,
_c2009.
300 _a296 p. :
_c23 cm.
521 _aNUR
562 _e1
942 _2lcc
_cBK
_kFOR
999 _c16411
_d16411